000 00698cab a2200205 4500
001 ABS47185
008 090401t1992 xxu||||| |||| 00| 0 eng d
035 _a(Sirsi) u60997
041 0 _aeng
100 1 _aRidout, G.
245 0 0 _aGo buy the board
260 _c1992
350 _a0
490 0 _aBuilding
_v257(7764) 2 October 1992, 66-67(2)
520 _aExamines the market for medium density fibreboard which has been used since the 1960s but which has seen major changes in the types of boards available and their uses.
650 _aMEDIUM DENSITY FIBREBOARD
690 _aBUILT ENVIRONMENT-BUILDING MATERIALS-TIMBER-WOOD FIBRE BUILDING BOARDS
942 _n0
948 _c04/03/1997
999 _c37714
_d37714